<?xml version="1.0" encoding="UTF-8"?>
<collection xmlns="http://www.loc.gov/MARC21/slim">
 <record>
  <leader>00876nab a2200241 i 4500</leader>
  <controlfield tag="001">publ6662</controlfield>
  <controlfield tag="005">20180907114006.0</controlfield>
  <controlfield tag="008">160505s2015    hu      o     0||   zxx d</controlfield>
  <datafield tag="022" ind1=" " ind2=" ">
   <subfield code="a">2320-6810</subfield>
  </datafield>
  <datafield tag="024" ind1="7" ind2=" ">
   <subfield code="a">2869059</subfield>
   <subfield code="2">mtmt</subfield>
  </datafield>
  <datafield tag="040" ind1=" " ind2=" ">
   <subfield code="a">SZTE Publicatio Repozitórium</subfield>
   <subfield code="b">hun</subfield>
  </datafield>
  <datafield tag="041" ind1=" " ind2=" ">
   <subfield code="a">zxx</subfield>
  </datafield>
  <datafield tag="100" ind1="1" ind2=" ">
   <subfield code="a">Gospodinova Zlatina</subfield>
  </datafield>
  <datafield tag="245" ind1="1" ind2="0">
   <subfield code="a">Chloroformic fraction of Tanacetum vulgare L. induces cell cycle arrest and apoptosis in MCF7 cells</subfield>
   <subfield code="h">[elektronikus dokumentum] /</subfield>
   <subfield code="c"> Gospodinova Zlatina</subfield>
  </datafield>
  <datafield tag="260" ind1=" " ind2=" ">
   <subfield code="c">2015</subfield>
  </datafield>
  <datafield tag="300" ind1=" " ind2=" ">
   <subfield code="a">986-990</subfield>
  </datafield>
  <datafield tag="490" ind1="0" ind2=" ">
   <subfield code="a">INTERNATIONAL JOURNAL OF PHARMA SCIENCES</subfield>
   <subfield code="v">5 No. 2</subfield>
  </datafield>
  <datafield tag="700" ind1="0" ind2="1">
   <subfield code="a">Bózsity Noémi</subfield>
   <subfield code="e">aut</subfield>
  </datafield>
  <datafield tag="700" ind1="0" ind2="1">
   <subfield code="a">Ocsovszki Imre</subfield>
   <subfield code="e">aut</subfield>
  </datafield>
  <datafield tag="700" ind1="0" ind2="2">
   <subfield code="a">Orbán-Gyapai Orsolya</subfield>
   <subfield code="e">aut</subfield>
  </datafield>
  <datafield tag="700" ind1="0" ind2="2">
   <subfield code="a">Krasteva Maria</subfield>
   <subfield code="e">aut</subfield>
  </datafield>
  <datafield tag="700" ind1="0" ind2="2">
   <subfield code="a">Zupkó István</subfield>
   <subfield code="e">aut</subfield>
  </datafield>
  <datafield tag="856" ind1="4" ind2="0">
   <subfield code="u">http://publicatio.bibl.u-szeged.hu/6662/1/2869059%20Gospodinova%20IJPS_2015.pdf</subfield>
   <subfield code="z">Dokumentum-elérés </subfield>
  </datafield>
 </record>
</collection>
